[Event "Millennium CG Exclusive - Tasc R30 V2.5"]
[Site "Wien"]
[Date "2021.04.21"]
[Round "42"]
[White "Tasc R30 V2.5, aktiv"]
[Black "Millennium CG Exclusive"]
[Result "1/2-1/2"]
[WhiteElo "2335"]
[BlackElo "2402"]
[PlyCount "93"]
[EventDate "2021.??.??"]

1. c4 {Buchende Tasc} b6 2. d4 Nf6 3. Nc3 {Tasc zurück im Buch} Bb7 4. Qc2 e6
5. e4 Bb4 6. Bd3 Nc6 {Buchende Genius} 7. Nf3 Be7 {Genius ist mit seinem Buch
nicht ganz zufrieden, erste Bewertung -0,28, lt Analyse von Stockfish ist
diese Eröffnung als glatte Katastrophe zu sehen, er bewertet hier bereits mit
+2,12 !!! für Weiss} 8. a3 d6 9. Bf4 {Buchende Tasc} e5 {Genius sieht es ganz
anders als Stockfish, nur -0,18} 10. dxe5 {Tasc ist mit seinem Buch sehr
zufrieden, erste Bewertung +0,66} Nh5 11. Be3 {Tasc +0,75} Nxe5 {Genius -0,39}
12. Be2 Nf6 {Genius -0,28} 13. Nxe5 {Tasc +0,76 (lt. Stockfish ist dieser Zug
um eine ganze Bauerneinheit schlechter als 13. Sd4)} dxe5 14. Rd1 Qc8 15. Nd5
Bd8 16. f4 c6 {Genius -0,12} 17. Nxf6+ {Tasc +0,76} Bxf6 {Genius -0,06} 18. c5
{Tasc +0,84} exf4 19. Bxf4 O-O 20. O-O Ba6 {Genius -0,59} 21. Bxa6 Qxa6 22. e5
Be7 23. Be3 Bxc5 24. Bxc5 bxc5 25. Qxc5 {Tasc +0,48 (Stockfish 0,00)} Qb5 {
Genius -0,37} 26. Qxb5 cxb5 27. Rd7 {Tasc +0,23} Rae8 {Genius -0,50} 28. Rxa7
Rxe5 29. Rb7 f6 30. Rd1 Rfe8 31. b3 {Stockfish gibt diese Partie schon lange
Remis, die Bewertung klebt konsequent auf 0,00 schon seit mindestens 10 Zügen}
Re1+ 32. Rxe1 Rxe1+ 33. Kf2 Ra1 34. Rxb5 Rxa3 35. Rb8+ Kf7 36. Rb7+ {Tasc +0,
43 er bewertet wohl den Freibauern höher.} Kg6 {Genius 0,00 (Stockfish 0,00)}
37. b4 h5 38. Rb5 h4 39. Rd5 Ra2+ 40. Kf3 h3 41. gxh3 Rxh2 42. Kg3 Rb2 43. b5
Kf7 44. h4 Rb3+ 45. Kf2 Ke6 46. Rc5 Kd7 47. h5 1/2-1/2

[Event "Millennium CG Exclusive - Tasc R30 V2.5"]
[Site "Wien"]
[Date "2021.04.21"]
[Round "43"]
[White "Millennium CG Exclusive"]
[Black "Tasc R30 V2.5, aktiv"]
[Result "1/2-1/2"]
[WhiteElo "2402"]
[BlackElo "2335"]
[PlyCount "77"]
[EventDate "2021.??.??"]

1. Nf3 d5 2. d4 e6 3. c4 Nf6 4. Nc3 c5 5. e3 Nc6 {Buchende Tasc} 6. cxd5 exd5 {
Tasc ist mit seinem Buch zufrieden, erste Bewertung +0,10} 7. Bb5 Bd6 8. O-O
O-O 9. dxc5 Bxc5 10. b3 {Buchende Genius} Re8 11. Bb2 {Genius bewertet sein
Buch hauchdünn positiv +0,01} a6 12. Bd3 Bg4 {Tasc +0,34} 13. h3 {Genius +0,
06 (Stockfish 0,00)} Bxf3 14. Qxf3 Ne5 15. Qd1 d4 16. Na4 Ba7 17. Bxd4 Bxd4 18.
exd4 Nc6 19. Qf3 Qd6 20. Rac1 Re7 21. Qg3 Qxg3 22. fxg3 Nxd4 23. Rfe1 Rxe1+ 24.
Rxe1 {Genius -0,14} Rc8 {Tasc +0,27 (Stockfish ist schon seit mindestens 10
Zügen auf genau 0,00)} 25. Re7 b5 26. Nb2 Nc6 27. Rb7 Rd8 28. a4 Na5 29. Ra7
Nxb3 30. axb5 axb5 31. Bxb5 Nd4 {Berwertung Stockfish immer noch 0,00 sieht
für mich nach klarem Remis aus, keine Freibauern oder irgend etwas, völlig
ausgeglichen.} 32. Bc4 Nd7 33. Nd3 Nc6 34. Rc7 Nde5 35. Bd5 g6 36. Nf4 Nb4 37.
Be4 Rd4 38. Bb7 Rd2 39. Kf1 {Userentscheid: Remis} 1/2-1/2

[Event "Millennium CG Exclusive - Tasc R30 V2.5"]
[Site "Wien"]
[Date "2021.04.21"]
[Round "44"]
[White "Tasc R30 V2.5, aktiv"]
[Black "Millennium CG Exclusive"]
[Result "1/2-1/2"]
[WhiteElo "2335"]
[BlackElo "2402"]
[PlyCount "99"]
[EventDate "2021.??.??"]

1. c4 e5 2. Nf3 {Buchende Tasc} e4 3. Nd4 {Tasc ist mit seinen 2 Buchzügen
nicht ganz zufrieden, erste Bewertung -0,11} Nc6 4. e3 Nf6 {Buchende Genius} 5.
d3 Bb4+ {Genius ist mit seinen 4 Buchzügen recht zufrieden, erste Bewertung
+0,23} 6. Bd2 Bxd2+ 7. Nxd2 Nxd4 8. exd4 d5 9. Qa4+ c6 10. cxd5 {Tasc -0,14,
lt. Analyse von Stockfish ist dieser Zug um ca. 0,5 Bauerneinheiten schlechter
als 10. Da3 !} Qxd5 11. Rc1 {Tasc -0,04} exd3 {Genius sieht diese Fortsetzung
nicht, Bewertung Genius +0,31} 12. Rc5 {Tasc -0,04} Qd6 {Genius +0,48} 13. Bxd3
{Tasc -0,49} O-O 14. O-O Rd8 15. Nb3 {Tasc -0,56} Be6 16. Re1 Qf4 {Genius +0,
75 (lt. Analyse Stockfish ein schwacher Zug, 16.Te8 ! bewertet Stockfish
bereits mit +2,00, diesen Zug hingegen nur mit +0,50 für Schwarz, also ganze
1,50 Bauerneinheiten schlechter.} 17. g3 {Tasc -0,41} Qg4 {Genius +0,37 (auch
das ist schwach lt. Stockfisch um 0,50 Bauerneinheiten schlechter als Dd6 ! -
Stockfish 0,00)} 18. Rcc1 {Tasc -0,51 (lt. Stockfish der nächste grobe Fehler,
die Bewertung spring von 0,00 auf +1,70 für Schwarz)} Bd5 19. Nd2 {Tasc -0,60}
a5 {Genius +0,43} 20. Be2 Qf5 21. f3 Re8 22. Qa3 Qd7 23. Rcd1 {Tasc -0,63 
(Stockfish +3,00 mit der Fortsetzung h5 !! das wird aber der Genius natürlich
nicht sehen. Schon ein Wahnsinn was der Stockfish alles aufdeckt.} Re6 {
Genius +0,81 (aber auch das bewertet Stockfish immer noch mit +2,50 also gar
nicht so schlecht der Zug)} 24. Kf2 Rae8 {Genius wird etwas optimistischer +1,
06} 25. h4 {Tasc -0,86, Stockfish ist hier bereits auf +4,60 für Schwarz} b6 {
Genius +1,46 (lt. Stockfish hätte hier 25. Te3 ! mit +4,80 eigentlich schon
den Sack zu gemacht.)} 26. Nf1 {Tasc -0,89} R6e7 {Genius +1,46} 27. Ba6 {
Tasc -1,21} Rxe1 {Genius +1,71} 28. Rxe1 Rxe1 29. Kxe1 Qe6+ {Genius +1,31 (lt.
Stockfish hätte hier 29. b5 ! bereits wieder mit +4,90 die Partie entschieden)
} 30. Kf2 Bxa2 31. g4 Bd5 {lt. Stockfish um ganze 2 Bauerneinheiten schlechter
als 31. Lc4 !! (Genius +1,35)} 32. Ne3 h5 33. g5 Qh3 {Genius +1,70, EIN
KATASTROPHENZUG VOM GENIUS, Stockfish bewertete hier 33.Se8 mit +4,00 für
Schwarz, hier fällt die Bewertung um ganze 3,50 Bauerneinheiten, sodass nur
noch ein Vorteil von +0,50 für Schwarz bleibt !!!} 34. gxf6 Qxf3+ {Genius
sieht den Fehler nicht ein, immer noch +1,70, Stockfish nur noch +0,12} 35. Kg1
Qh1+ 36. Kf2 Qxh4+ 37. Ke2 Qxf6 38. Nxd5 cxd5 39. Qe3 Qe6 40. Qe5 Qc6 41. Bd3
g6 42. Kf3 Kf8 43. Kg2 f6 44. Qb8+ Kg7 45. Qa7+ Kh6 46. Qf7 f5 47. Qe7 a4 48.
Qe3+ Kg7 49. Qe7+ Kg8 50. Kf3 {Userentscheid: Remis} 1/2-1/2

[Event "Millennium CG Exclusive - Tasc R30 V2.5"]
[Site "Wien"]
[Date "2021.04.22"]
[Round "45"]
[White "Millennium CG Exclusive"]
[Black "Tasc R30 V2.5, aktiv"]
[Result "1-0"]
[WhiteElo "2402"]
[BlackElo "2335"]
[PlyCount "133"]
[EventDate "2021.??.??"]

1. e4 e5 2. Nf3 d6 {Buchende Tasc} 3. Bc4 Nc6 {Tasc ist nicht ganz zufrieden
mit seinen 2 Buchzügen, -0,37} 4. d4 Bg4 5. c3 {Buchende Genius} Nf6 6. d5 {
Genius schätzt seine 5 Buchzüge knapp positiv ein, +0,12 (lt. Analyse von
Stockfish verpasst hier der Genius bereits zum ersten mal einen klaren Vorteil,
Stockfish bewertet hier 6.Db3 !! bereits mit +1,50 für Weiss, diesen Zug um
eine ganze Bauerneinheit schlechter mit +0,50.} Ne7 7. Qe2 c6 8. Bg5 cxd5 9.
exd5 Qb6 10. Bxf6 {lt. Stockfish ein ganz schlechter Zug, er sieht hier
Schwarz mit +0,80 im Vorteil} gxf6 11. a4 {Genius -0,57} Rg8 {Tasc +0,31} 12.
a5 Qc7 13. a6 bxa6 14. b3 f5 15. Qe3 {eine ganz schlechter Zug, lt. Stockfish
wäre hier Da2 !! um 1,50 Bauerneinheiten besser gewesen, er sieht nach diesem
Zug Schwarz bereits mit +2,00 im Vorteil und der Tasc spielt auch den Zug, den
Stockfish machen würde.} Rg6 16. Nh4 Bh6 {Tasc +0,70} 17. Qd3 {Genius +0,03 ?}
e4 18. Qd4 Bg7 19. Qe3 Rh6 {Tasc +0,32 (Stockfish +2,60)} 20. g3 Ng6 21. Nxg6 {
Genius +0,18 (Stockfish +2,40 für Schwarz)} Bf3 {Tasc +0,25, dieser Zug wirft
lt. Stockfish den ganzen Vorteil, weg er sieht hier nach 22. Sh4 ein klares
Remis mit 0,00 !!)} 22. O-O {Genius +0,31 (sieht den Vorschlag von Stockfish
nicht, dieser springt gleich wieder auf +2,00 für Schwarz)} Rxg6 23. Re1 Be5
24. Qc1 f4 25. Nd2 fxg3 {dieser Zug wirft lt. Stockfish den ganzen Vorteil
über Bord, Kf8 ! hätte hier Stockfish mit +1,50 für Schwarz gehabt, diesen
Zug exakt mit 0,00 !} 26. hxg3 Bf4 27. Qc2 Bxd2 28. Qxd2 Kf8 29. Rxa6 Qd7 30.
Bf1 Qb7 31. b4 Re8 32. Qf4 Re5 33. Rxd6 Rxd5 34. Rxd5 Qxd5 35. Qe3 a5 36. Bg2
Bxg2 37. Kxg2 Re6 {Tasc -0,35} 38. Ra1 {Genius +0,68} axb4 39. cxb4 Qc6 40. Rc1
Qb7 {Der Tasc entschliesstlich sich, da dies der 40. Zug ist seine komplette
Restzeit aufzubrauchen, er zieht hier tatsächlich 1 Sekunde vor Ablauf der
Zeit nach 24 Minuten ! -0,37} 41. Rc4 {Genius +0,75 (lt. Analyse Stockfish
wäre hier Tc5 ! um 1,50 Bauerneinheiten besser gewesen und bereits mit +2,00
zu bewerten), der Genius lässt also wieder eine Chance liegen} Ke8 {Tasc -0,
34, lt. Stockfish ein grober Fehler Kg7 ! wäre hier mit -0,50 zu bewerten,
dieser Zug bereits +2,25 für Weiss)} 42. Kg1 {Genius +1,09} h6 {Tasc -0,60}
43. Qf4 Kd8 {Tasc -1,28 (lt. Stockfish ein ganz schlechter Zug, dieser
Bewertet hier schon mit +4,00 für Weiss)} 44. Kh2 Qa7 45. Kg2 Qb7 {Tasc -1,01
(Stockfish +5,20)} 46. Kg1 {Genius +1,15} e3 {Tasc -1,48} 47. fxe3 {Genius +1,
09} Rg6 {Tasc -1,54} 48. Qd4+ Ke8 49. Kh2 Re6 {Tasc -1,86 (lt. Stockfish wohl
der endgültig entscheidende Fehler, er bewertet hier die Fortsetzung Dh8 !!
bereits mit +9,14)} 50. Qh8+ {Genius spielt zwar die richtige Fortsetzung
sieht hier aber nur Vorteil +1,75} Kd7 {Tasc -2,32} 51. Rf4 {Genius +1,78 
(Stockfish hätte hier Td4+, bereits mit +18,00 bewertet), diesen Zug mit nur
+6,40, also um 12 Bauerneinheiten schlechter, ist schon gnadenlos was
Stockfish hier alles aufdeckt, da sieht man eigentlich erst wie schwach unsere
alten Compis sind, schon recht ernüchternd.} Re7 52. Rd4+ Ke6 53. Qxh6+ f6 54.
Qh3+ Ke5 55. Qh5+ f5 {Stockfish +60,00} 56. Qh8+ {Das ist die richtige
Fortsetzung lt. Stockfish, Genius sieht aber nur einen Vorteil von +2,46} Rg7
57. b5 {Th4 ! wäre hier die richtige Fortsetzung gewesen} Qf7 {Tasc -2,42} 58.
b6 {Genius +2,62} Qg8 59. Qxg8 Rxg8 60. b7 Rb8 61. Rb4 Kd6 62. Kg2 Kc5 63. Rb2
Kc4 64. Kf3 Kd5 65. Kf4 Ke6 66. Rb4 Kd6 67. Kxf5 {Userentscheid 1-0} 1-0

[Event "Millennium CG Exclusive - Tasc R30 V2.5"]
[Site "Wien"]
[Date "2021.04.22"]
[Round "46"]
[White "Tasc R30 V2.5, aktiv"]
[Black "Millennium CG Exclusive"]
[Result "1/2-1/2"]
[WhiteElo "2335"]
[BlackElo "2402"]
[PlyCount "126"]
[EventDate "2021.??.??"]

1. d4 d5 2. c4 dxc4 3. Nf3 Nf6 4. e3 e6 5. Bxc4 a6 6. O-O c5 7. dxc5 Qxd1 8.
Rxd1 Bxc5 9. Nbd2 Nc6 {Buchende Genius} 10. Nb3 {Buchende Tasc (hier kann der
Tasc endlich mal auch eine anständige Variante aus seinem Buch mit 10 Zügen
zeigen, so würde ich mir das vorstellen)} Be7 {Genius bewertet seine 9
Buchzüge knapp negativ mit -0,09} 11. Bd2 {Tasc ist hier stolz auf seine 10
Buchzüge, erste Bewertung +0,28} O-O 12. Bc3 b5 13. Bd3 Bb7 14. Bxf6 gxf6 15.
Be4 f5 16. Bxc6 Bxc6 17. Nfd4 {Tasc +0,18} Rac8 {Genius -0,06 (Stockfish 0,00)}
18. Nxc6 Rxc6 19. Nd4 Rd6 20. Nf3 Rxd1+ 21. Rxd1 Rc8 22. Kf1 Bf6 23. Rd2 Kf8
24. Ke2 Ke7 25. Kd1 h5 26. h4 Rc4 27. g3 Rc8 28. Ne1 Be5 29. Rc2 Rxc2 30. Kxc2
Bd6 31. Kc3 e5 32. Nf3 a5 33. a3 Ke6 34. Ng5+ Kf6 35. Nf3 {Tasc -0,03, lt.
Analyse von Stockfish ein schwerer Fehler, er bewertet hier 35. b4 ! mit +1,00
also diesen Zug des Tasc um eine ganze Bauerneinheit schlechter.} Ke7 {Der
Genius lässt die Gelegenheit aus, Bewertung +0,06} 36. b4 axb4+ 37. axb4 Bb8
38. Ne1 Ke6 39. Nc2 Kd5 40. Kd3 Bd6 41. Na3 Bxb4 42. Nxb5 Kc5 43. Nc3 e4+ 44.
Kc2 Kc4 45. Nd1 {Tasc -0,21 (lt. Stockfish ein ganz schwerer Fehler, er
bewertet die Fortsetzung Le1 mit +1,65 für Schwarz, zuvor war gerade noch 0,
00, Se2 wäre hier weit besser gewesen.} Be1 {Genius +0,68} 46. Nb2+ {Tasc -0,
32} Kb4 {Genius +1,40} 47. Nd1 {Tasc -0,34} Ka3 {Genius +1,40} 48. Nc3 {
Tasc -1,55} Bxf2 49. Nb5+ Kb4 50. Nd6 Kc5 {Genius +1,20 ein ganz schlechter
Zug (lt. Stockfish wirft dieser Zug den kompletten Vorteil weg, er bewertet
das nur noch mit +0,16 für Schwarz, weit besser war hier das eigentlich
selbstverständlich aussehende Lxg3 !)} 51. Nxf5 {Tasc -1,42} Kd5 {Genius +1,34
} 52. Ng7 Bxg3 53. Nxh5 Bxh4 54. Nf4+ {diese Stellung ist wohl nicht mehr zu
gewinnen, da gehen Schwarz die Bauern aus, der Tasc kann den Springer dann
für den letzten Bauern hergeben, ich sehe hier keine Gewinnchancen mehr für
Schwarz. Tasc ist anderer Meinung -1,47, Stockfish -0,16 der hat wohl wieder
recht.} Ke5 55. Kd2 Be7 56. Ne2 Bd6 57. Nf4 Kf5 58. Ne2 Bb4+ 59. Kd1 Kg4 60.
Nd4 Bc5 61. Nc6 Kf3 {Genius überbewertet sich hier mit +2,01, nach diesem Zug
sieht der Tasc sofort das Remis.} 62. Ne5+ {Tasc -0,38} Kxe3 63. Nxf7 Kf4 {
Userentscheid: Remis} 1/2-1/2

[Event "Millennium CG Exclusive - Tasc R30 V2.5"]
[Site "Wien"]
[Date "2021.04.23"]
[Round "47"]
[White "Millennium CG Exclusive"]
[Black "Tasc R30 V2.5, aktiv"]
[Result "1-0"]
[WhiteElo "2402"]
[BlackElo "2335"]
[PlyCount "145"]
[EventDate "2021.??.??"]

1. e4 d5 2. exd5 Qxd5 3. Nc3 Qa5 4. Nf3 Nf6 5. d4 Bf5 6. Bd3 {Buchende Genius}
e6 {Buchende Tasc} 7. O-O {Genius ist mit seinem Buch zufrieden, erste
Bewertung +0,21} Nc6 {Tasc ist nicht zufrieden mit seinem Buch, erste
Bewertung -0,57} 8. Re1 Bb4 9. Bxf5 Qxf5 10. Ne5 Bxc3 11. bxc3 Ne4 {Der Tasc
ist hier nicht mehr ganz zufrieden mit der Entwicklung der Partie -0,95} 12.
Qe2 {Genius +0,25} Nxc3 {Der vorige Zug vom Genius macht den Tasc viel
optimistischer, er hatte hier Sxc6 erwartet, steigt wieder auf -0,23} 13. Qc4
Ne4 14. f3 Nxe5 {lt. Stockfish ein grober Fehler, hier wäre Sd6 ! weit besser
gewesen, er schätzt die Fortsetzung dxe5 mit +1,50 für Weiss ein} 15. Qb5+ {
Der Genius lässt die Chance liegen , Genius -0,10} Nc6 16. Qxb7 Kd7 17. Rxe4
Qa5 18. Qb3 Rab8 19. Qd3 Nb4 20. Bd2 f5 21. Re3 Nxd3 22. Bxa5 Nb4 23. Re2 Nc6
24. Be1 Rhf8 25. c3 Na5 26. Bf2 Nc4 27. Rae1 Rfe8 28. Bg3 g5 29. Be5 Rb6 30.
Kf1 Reb8 31. Bf6 h6 32. h4 gxh4 33. Bxh4 Ra6 34. Bg3 Rb2 35. Ra1 Rc2 36. Rxc2
Ne3+ 37. Ke2 Nxc2 38. Rh1 Rxa2 39. Kd3 Na3 40. Rxh6 Nb5 41. Bf4 Rxg2 42. c4 Nd6
43. Bxd6 Kxd6 44. d5 a5 45. Rxe6+ Kd7 {Tasc +0,11 (Stockfish ist wieder seit
ewigen Zeiten bei exakt 0,00)} 46. Ra6 {Genius +0,50} Ra2 47. c5 Ra3+ 48. Kd4
a4 {Tasc 0,00, ein ganz schwerer Fehler, der lt. Stockfish die Partie
zugunsten von Weiss entscheidet, er ist in Sekundenschnelle auf einer
Bewertung von +7,00 bei der Fortsetzung 49. Ta7} 49. f4 {Leider erkennt der
Genius diese Fortsetzung nicht und lässt hier eine Riesenchance auf den
Gewinn aus, er schätzt sich aber hier mit +1,56 ein. (Stockfish ist sofort
wieder auf 0,00)} Kc8 {Tasc +0,01 (der nächste ganz schwere Fehler, Stockfish
ist bei der Fortsetzung c6 sofort auf +10,00), der Tasc erwartet die
Fortsetzung Ke5.} 50. c6 {Genius +1,75 diesmal nützt der Genius die Chance}
Kb8 {Tasc -0,56} 51. Ke5 {Genius +1,78} Re3+ {Tasc -0,70 (Stockfish bereits
bei +22.00)} 52. Kxf5 {Genius +2,46} a3 {Tasc -0,70} 53. Ra4 {Genius +2,57} Rg3
{Tasc -1,04} 54. Ke6 {Genius +2,70} Rg6+ {Tasc -1,76} 55. Ke5 Rg3 {Tasc -2,00}
56. f5 {Genius +3,25} Re3+ 57. Kf6 {Genius +4,07} Rd3 {Tasc -2,85} 58. Ke6 {
Genius +4,17} Re3+ {Tasc -3,02} 59. Kd7 {Genius +6,45} Rd3 {Tasc -4,37 
(Stockfish Matt in 17)} 60. Rb4+ {Genius +9,39} Ka7 61. Kxc7 Ka6 {Tasc -8,28}
62. d6 Ka5 {Tasc -10,02} 63. Rb1 {Genius +11,82 natürlich könnte man die
Partie hier schon abbrechen, bin nur neugierig welcher der Beiden und wann
zuerst ein Matt erkennt.} a2 64. Ra1 Kb5 65. d7 Rc3 66. d8=Q Rxc6+ 67. Kb7 Rh6
{[%emt 0:00:10] Tasc Selbstmatt in} 68. Qd5+ {[%emt 0:00:09] Genius Matt in}
Kb4 69. Qd2+ Kb5 70. Qxh6 Kc5 71. Qf4 Kd5 72. Rxa2 Kc5 73. Ra5# 1-0

[Event "Millennium CG Exclusive - Tasc R30 V2.5"]
[Site "Wien"]
[Date "2021.04.23"]
[Round "48"]
[White "Tasc R30 V2.5, aktiv"]
[Black "Millennium CG Exclusive"]
[Result "1-0"]
[WhiteElo "2335"]
[BlackElo "2402"]
[PlyCount "67"]
[EventDate "2021.??.??"]

1. b3 d5 2. Nf3 Nf6 3. Bb2 {Buchende Tasc} e6 4. e3 {Tasc ist nicht ganz
zufrieden mit seinem Buch, erste Bewertung -0,28} Bd6 5. d4 O-O {Buchende
Genius} 6. c4 c5 {Genius bewertet sein Buch knapp negativ -0,17} 7. dxc5 Bxc5
8. a3 Nc6 9. b4 Bb6 10. Nbd2 Ng4 {Genius -0,21, lt. Stockfish der erste ganz
schlechte Zug, er hätte hier De7 mit -0,70 für Schwarz gehabt, diesen Zug
bereits mit -1,70} 11. Bd3 h6 12. b5 {Tasc +0,90 (Stockfish hätte hier 12.0-0
bereits mit +2,00 bewertet, dieser Zug hingegen mit nur +0,50, schwache
Fortsetzung auch vom Tasc hier).} Ne7 {Genius -0,35} 13. O-O Bxe3 {Genius -0,
20, lt. Stockfish ein ganz schlechter Zug, der bewertet hier bereits mit +2,00
für Weiss} 14. fxe3 {Auch der Tasc findet diesen Zug ganz schlecht, steigt
gleich auf +1,43} Nxe3 15. Qa4 Nxf1 16. Rxf1 f6 17. cxd5 Qxd5 {Genius -0,40 
(Stockfish +2,60 für Weiss)} 18. Bd4 {Tasc +1,42} Bd7 {Genius -0,39} 19. Qb4
Rf7 20. Rc1 Be8 21. a4 Qd7 22. Nc4 Rd8 23. Be4 b6 24. Bb2 Rc8 25. Qe1 {Tasc +1,
39} Rd8 {Genius -0,10 lt. Stockfish ein Katastrophenzug der bewertet hier
gleich mit +4,00 für Weiss mit der Fortsetzung 26.La3.} 26. Ba3 {Der Tasc
spielt die richtige Fortsetzung +1,49} Nf5 {Genius -0,92} 27. g4 {Tasc +1,88}
Ne7 {Genius -1,35} 28. Nd6 {Tasc +2,02} e5 29. h3 h5 30. Qb4 Qxd6 31. Qxd6 {
Tasc +4,54} Rxd6 32. Bxd6 hxg4 33. hxg4 Kh8 34. g5 {Userentscheid: 1-0} 1-0

[Event "Millennium CG Exclusive - Tasc R30 V2.5"]
[Site "Wien"]
[Date "2021.04.23"]
[Round "49"]
[White "Millennium CG Exclusive"]
[Black "Tasc R30 V2.5, aktiv"]
[Result "1-0"]
[WhiteElo "2402"]
[BlackElo "2335"]
[PlyCount "71"]
[EventDate "2021.??.??"]

1. e4 c5 2. Ne2 e5 3. Nbc3 Nc6 {Buchende Tasc} 4. Ng3 {Buchende Genius} Nf6 {
Tasc ist mit seinem Buch nicht ganz zufrieden, -0,24} 5. Bc4 {Genius ist mit
seinem Buch zufrieden, +0,20} h5 6. h4 a6 7. d3 b5 8. Bb3 Be7 {Tasc -0,36} 9.
Nf5 {Genius +0,40 (lt. Stockfish wäre hier Sd5 bereits mit +2,00 für Weiss
gewesen, dieser Zug hingegen nur mit +0,70)} d5 10. Nxe7 Nxe7 11. exd5 Bb7 12.
Qe2 {Genius +0,62} b4 {Tasc -0,23 (lt. Stockfish ein ganz schlechter Zug der
sieht hier die Fortsetzung Dxe5 !! bereits mit +2,80)} 13. Qxe5 {Der Genius
sieht tatsächlich auch diesen Zug, Bewertung +1,56 (lässt den Springer c3
stehen, ein sehr starker Zug vom Genius, wow !!)} Nd7 {Tasc -0,47, der
nächste grobe Fehler vom Tasc, Stockfish bereits bei +4,80} 14. Qxg7 {Genius
+2,85 findet die richtige Fortsetzung} Rg8 {Tasc -1,52} 15. Qh7 bxc3 16. d6 Rf8
{Tasc -1,55 der nächste ganz schlechte Zug, Stockfish bereits +7,30} 17. O-O {
Genius +3,46} Ne5 {Tasc -3,30} 18. dxe7 {Genius +4,56} Qxe7 19. Bh6 {Genius +5,
32} cxb2 20. Rae1 b1=Q 21. Rxb1 f6 22. Ba4+ Bc6 23. Bxc6+ Nxc6 24. Rfe1 {
Genius +7,62} Ne5 {Tasc -8,21} 25. Rxe5 {Genius +9,71 (Stockfish Matt in 11)}
fxe5 26. Qg6+ Rf7 27. Qc6+ Qd7 28. Qxa8+ Qd8 {[%emt 0:00:09] Tasc Selbstmatt in
} 29. Qc6+ {[%emt 0:00:08] Genius Matt in} Rd7 30. Qg6+ Ke7 31. Bg5+ Kf8 32.
Bxd8 Rd6 33. Qxd6+ Kg8 34. Qg6+ Kf8 35. Rb7 a5 36. Qf7# 1-0